[Event "Veneto Province-ch 82nd"]
[Site "Ceregnano"]
[Date "2023.01.29"]
[Round "4.11"]
[White "Belloni, Umberto"]
[Black "Scaranaro, Martina"]
[Result "1-0"]
[WhiteElo "1542"]
[BlackElo "1157"]
[PlyCount "50"]
[EventDate "2023.01.27"]
[EventType "swiss"]
[EventRounds "5"]
[EventCountry "ITA"]
[SourceTitle "EXT 2024"]
[Source "ChessBase"]
[SourceDate "2023.10.10"]
[SourceVersion "1"]
[SourceVersionDate "2023.10.10"]
[SourceQuality "1"]

1. d4 Nf6 2. c3 g6 3. f3 Bg7 4. e4 d6 5. Bc4 0-0 6. Ne2 e6 7. Bg5 h6 8. Bh4 g5 9. Bf2 d5 10. exd5 exd5 11. Bd3 Nc6 12. Qc2 Re8 13. Nd2 Ne7 14. 0-0-0 Ng6 15. g3 Bh3 16. Rhe1 g4 17. Ng1 Rxe1 18. Rxe1 Bg2 19. Bxg6 gxf3 20. Bf5 Qd6 21. Ngxf3 Qa6 22. Kb1 Bxf3 23. Nxf3 Qc6 24. g4 Re8 25. Ne5 Qd6 1-0